00529nam a2200133Ia 450000500170000000800410001702000150005808200130007310000140008624500690010026000450016930000130021450001680022720240813010125.0240331s9999 xx 000 0 und d a0721704425 bNEWa407 aNewson, K 4aThe Art of English :ba certificate coursr for secondary schools aHuddersfieldbSchofield & Sims Ltdc1982 a256 p ., aThe art in English is a five year English series foe secondary schools, comprising two parallel courses which offer the same approach with a difference of emphasis